Представление документа в формате RUSMARC

ПолеНазваниеЗначение
  Тип записи a
  Библиографический уровень m
001 Контрольный номер RU/REG73/CBS_GRAD/1/712806756
005 Дата корректировки 20221122154834.9
010 Индекс ISBN __
a ISBN 978-5-04-109155-2
101 Язык документа __
a Язык текста rus
200 Заглавие и сведения об ответственности __
a Заглавие Стихотворения
f Первые сведения об ответственности Александр Блок
b Общее обозначение материала Текст
203 Вид содержания и тип средства __
a Вид содержания Текст (визуальный) : непосредственный
210 Выходные данные __
a Место издания Москва
c Издательство Эксмо
d Дата издания 2021
215 Физическое описание __
a Объем 384 с.
686 Индексы других классификаций __
a Классификационный индекс 84(2 Рос=Рус)
700 Автор __
a Фамилия Блок
g Полное личное имя Александр Александрович
801 Источник записи _0
a Страна RU
b Организация RuCBSGrad
g Правила каталогизации PSBO
801 Источник записи _1
a Страна RU
b Организация RuCBSGrad
g Правила каталогизации PSBO
901 Тип документа __
t Тип документа m
981 __
b i
2 isbdcontent
g e
982 __
b n
2 isbdmedia